书目信息 |
| 题名: |
堤防加固工程施工技术条件与招标导引
|
|
| 作者: | 刘宁 编著 | |
| 分册: | ||
| 出版信息: | 北京 中国水利水电出版社 2002.09 |
|
| 页数: | 234页, [2] 页图版 | |
| 开本: | 27cm | |
| 丛书名: | ||
| 单 册: | ||
| 中图分类: | TV871.1 | |
| 科图分类: | ||
| 主题词: | 堤防--di fang--工程施工--招标 | |
| 电子资源: | ||
| ISBN: | 7-5084-1146-3 | |
| 000 | 00878nam0 2200229 450 | |
| 001 | 012008368204 | |
| 005 | 20080320154030.82 | |
| 010 | @a7-5084-1146-3@b精装@dCNY49.00 | |
| 100 | @a20080320d2002 km y0chiy0120 ea | |
| 101 | 0 | @achi |
| 102 | @aCN@b110000 | |
| 105 | @aaf a 000yy | |
| 106 | @ar | |
| 200 | 1 | @a堤防加固工程施工技术条件与招标导引@ADi Fang Jia Gu Gong Cheng Shi Gong Ji Shu Tiao Jian Yu Zhao Biao Dao Yin@f刘宁编著@Fliu ning bian zhu |
| 210 | @a北京@c中国水利水电出版社@d2002.09 | |
| 215 | @a234页, [2] 页图版@c图 (部分彩图)@d27cm | |
| 330 | @a本书共分三篇。第一篇介绍市场化的工程建设招标,第二篇全面详实地介绍工程建设项目的招标操作实务,第三篇介绍有关新技术在招标中的应用及展望。 | |
| 606 | 0 | @a堤防@Adi fang@x工程施工@x招标 |
| 690 | @aTV871.1@v4 | |
| 701 | 0 | @a刘宁@Aliu ning@4编著 |
| 801 | 0 | @aCN@bQSSK@c20080320 |
| 905 | @b20289092-94@dTV871.1@eL652@f3 | |
| 堤防加固工程施工技术条件与招标导引/刘宁编著.-北京:中国水利水电出版社,2002.09 |
| 234页, [2] 页图版:图 (部分彩图);27cm |
| ISBN 7-5084-1146-3(精装):CNY49.00 |
| 本书共分三篇。第一篇介绍市场化的工程建设招标,第二篇全面详实地介绍工程建设项目的招标操作实务,第三篇介绍有关新技术在招标中的应用及展望。 |
| ● |
| 相关链接 |
|
|
|
正题名:堤防加固工程施工技术条件与招标导引
索取号:TV871.1/L652
 
预约/预借
| 序号 | 登录号 | 条形码 | 馆藏地/架位号 | 状态 | 备注 |
| 1 | 289092 | 202890924 | 自科库501/501自科库 48排6列5层/ [索取号:TV871.1/L652] | 在馆 | |
| 2 | 289093 | 202890933 | 自科库501/501自科库 48排6列5层/ [索取号:TV871.1/L652] | 在馆 | |
| 3 | 289094 | 202890942 | 期刊室512/501自科库 48排6列5层/ [索取号:TV871.1/L652] | 在馆 |